| 000 | 00738nam a22002177a 4500 | ||
|---|---|---|---|
| 999 |
_c4964 _d4964 |
||
| 003 | AR-CdUCM | ||
| 008 | 190311b ||||| |||| 00| 0 spa d | ||
| 040 |
_aMUNICIPALIDAD PROVINCIAL DEL CUSCO _cBIBLIOTECA MUNICIPAL DEL CUSCO |
||
| 082 |
_a869.56 / _bC29C |
||
| 100 |
_aCarnero Checa, Genaro _92353 |
||
| 245 | _aCorazón bandera / | ||
| 260 |
_aLima : _bEdiciones Siglo XX : _b[Imp. Torres Aguire S.A], _c1960. |
||
| 300 |
_a79 páginas ; _c21.5 cm. |
||
| 500 | _aDonación de la familia Nieto. | ||
| 650 |
_aPoesía peruana - Siglo XX _914083 |
||
| 650 |
_aPoetas peruanos contemporáneos _914941 |
||
| 650 |
_aPoesía - Perú _910037 |
||
| 700 |
_aRose, Juan Gonzalo (Prólogo) _915216 |
||
| 942 |
_2ddc _cLIBROS |
||
| 945 | _alccs | ||